[Event "RA Winter op"]
[Site "Ottawa CAN"]
[Date "1993.01.09"]
[Round "2"]
[White "Brodie, Hugh"]
[Black "Southam, Todd"]
[Result "0-1"]
[WhiteElo "2080"]
[BlackElo "2355"]
[PlyCount "84"]
[EventDate "1993.01.09"]
[EventType "swiss"]
[EventRounds "5"]
[EventCountry "CAN"]

1. e4 c5 2. Nf3 Nc6 3. Bb5 d6 4. O-O Bd7 5. c3 Nf6 6. Re1 a6 7. Bxc6 Bxc6 8. d3
e6 9. Nbd2 Be7 10. Nf1 O-O 11. Ng3 Qd7 12. Bg5 h6 13. Bxf6 Bxf6 14. d4 cxd4 15.
cxd4 b5 16. Qd2 Rac8 17. Rac1 Bb7 18. Rc3 Rxc3 19. bxc3 Rc8 20. Rc1 Qc6 21. Qb2
Bd8 22. Nd2 Bb6 23. Ne2 e5 24. f3 d5 25. Kf1 dxe4 26. Nxe4 f5 27. N4g3 Qe6 28.
dxe5 Qxe5 29. Nd4 Bd5 30. Re1 Bc4+ 31. Kf2 Qd5 32. Nf1 Bd3 33. Ne3 Qc5 34. Rc1
f4 35. Nf1 b4 36. Qd2 Bg6 37. Qxf4 bxc3 38. Rd1 c2 39. Rc1 Qxd4+ 40. Qxd4 Bxd4+
41. Ke1 Bb2 42. Kd2 Rd8+ 0-1

[Event "RA Winter op"]
[Site "Ottawa CAN"]
[Date "1993.01.09"]
[Round "3"]
[White "Tordion, Michel"]
[Black "Brodie, Hugh"]
[Result "0-1"]
[WhiteElo "1975"]
[BlackElo "2080"]
[PlyCount "90"]
[EventDate "1993.01.09"]
[EventType "swiss"]
[EventRounds "5"]
[EventCountry "CAN"]

1. d4 e6 2. e4 d5 3. e5 c5 4. c3 Qb6 5. Bd3 Bd7 6. Nf3 Bb5 7. O-O Nc6 8. Re1
Bxd3 9. Qxd3 Rc8 10. a3 c4 11. Qe2 Nge7 12. Nbd2 Ng6 13. Nf1 Be7 14. Rb1 Bxa3
15. Bg5 Be7 16. g3 h6 17. Be3 Na5 18. h4 Qc7 19. h5 Nf8 20. N1h2 b5 21. Nd2 Nd7
22. Qg4 Bf8 23. f4 Nb6 24. Rf1 Qd7 25. Rf2 Na4 26. Ndf1 Nc6 27. Bd2 Ne7 28. Ne3
g6 29. hxg6 fxg6 30. Nf3 h5 31. Qh3 Nf5 32. g4 Nxe3 33. Bxe3 b4 34. Bd2 Rb8 35.
cxb4 Bxb4 36. Bxb4 Rxb4 37. gxh5 gxh5 38. Ng5 Rh6 39. f5 Rb3 40. Qxb3 cxb3 41.
fxe6 Qg7 42. Kh1 Qxg5 43. Rg1 Qh4+ 44. Rh2 Qe4+ 45. Rgg2 Rg6 0-1

[Event "RA Winter op"]
[Site "Ottawa CAN"]
[Date "1993.01.10"]
[Round "4"]
[White "Brodie, Hugh"]
[Black "Winterton, Ken"]
[Result "0-1"]
[WhiteElo "2080"]
[BlackElo "2150"]
[PlyCount "114"]
[EventDate "1993.01.09"]
[EventType "swiss"]
[EventRounds "5"]
[EventCountry "CAN"]

1. e4 c5 2. Nf3 Nf6 3. e5 Nd5 4. c3 Nc6 5. d4 cxd4 6. cxd4 d6 7. exd6 Qxd6 8.
Nc3 Bg4 9. Be2 e6 10. O-O Be7 11. Be3 O-O 12. Rc1 Rac8 13. Qb3 Nxc3 14. bxc3
Na5 15. Qb5 Qc7 16. h3 Bf5 17. Nd2 Ba3 18. Rce1 Qxc3 19. Nb1 Bxb1 20. Rxb1 a6
21. Qg5 Qc7 22. Bd3 b5 23. Qh4 g6 24. Bh6 Be7 25. Qe4 Rfd8 26. Rfc1 Qd6 27. Be3
Qd5 28. Qg4 Nc4 29. Be4 Nxe3 30. fxe3 Qg5 31. Qxg5 Bxg5 32. Kf2 Rxc1 33. Rxc1
Rxd4 34. exd4 Bxc1 35. Ke2 Kf8 36. Kd3 Ke7 37. Bb7 a5 38. d5 Kd6 39. dxe6 fxe6
40. Be4 Bg5 41. g3 Bf6 42. h4 Be5 43. g4 Kc5 44. h5 gxh5 45. gxh5 h6 46. Bg6
Bf4 47. Bf7 Kd5 48. Bg6 e5 49. Be4+ Kc5 50. Kc3 a4 51. Bc2 Be3 52. Bb1 Bd4+ 53.
Kd3 Kb4 54. Kd2 Ka3 55. Bd3 Kxa2 56. Bxb5 Kb3 57. Bc6 a3 0-1

[Event "RA Winter op"]
[Site "Ottawa CAN"]
[Date "1993.01.10"]
[Round "5"]
[White "Tomalty, Alan"]
[Black "Brodie, Hugh"]
[Result "0-1"]
[WhiteElo "1950"]
[BlackElo "2080"]
[PlyCount "76"]
[EventDate "1993.01.09"]
[EventType "swiss"]
[EventRounds "5"]
[EventCountry "CAN"]

1. e4 c5 2. Nf3 Nc6 3. Nc3 g6 4. d4 cxd4 5. Nxd4 Bg7 6. Be3 Nf6 7. Bb5 O-O 8.
O-O Ng4 9. Qxg4 Nxd4 10. Bd3 d5 11. Qd1 dxe4 12. Nxe4 Nf5 13. Bc1 Qb6 14. c3
Be6 15. Qe2 h6 16. Kh1 Rac8 17. Re1 Rfd8 18. Ng3 Nxg3+ 19. fxg3 Kh7 20. g4 Qd6
21. Bc2 Bf6 22. Be3 Bh4 23. Bg1 Bc4 24. Qf3 Bxe1 25. Rxe1 b6 26. Bd4 Re8 27. h4
e5 28. Be3 Bd5 29. Qg3 Kg7 30. Rd1 Qc6 31. Kh2 Rcd8 32. Bc1 Qe6 33. Qe3 Rh8 34.
c4 Bb7 35. Rxd8 Rxd8 36. Qxh6+ Kg8 37. Qg5 Rd4 38. Bf5 Qc6 0-1

[Event "CAN-op"]
[Site "London CAN"]
[Date "1993.??.??"]
[Round "1"]
[White "Brodie, Hugh"]
[Black "Jones, Avery"]
[Result "1-0"]
[WhiteElo "2075"]
[BlackElo "2865"]
[PlyCount "113"]
[EventDate "1993.??.??"]
[EventType "swiss"]
[EventRounds "10"]
[EventCountry "CAN"]

1. f4 d5 2. e3 e6 3. b3 Nf6 4. Bb2 c6 5. Nf3 Nbd7 6. Be2 Be7 7. O-O O-O 8. Ne5
Qb6 9. Qe1 c5 10. Qh4 d4 11. Nc4 Qc7 12. exd4 cxd4 13. Bxd4 Bc5 14. Be3 b6 15.
Bd3 Bb7 16. Nc3 Bxe3+ 17. Nxe3 a6 18. Ng4 Qc5+ 19. Kh1 Qh5 20. Nxf6+ Nxf6 21.
Qxh5 Nxh5 22. Rae1 Rfe8 23. Kg1 Nf6 24. Ne4 Nxe4 25. Bxe4 Bxe4 26. Rxe4 Rad8
27. d3 b5 28. Rf2 f5 29. Re5 Kf7 30. a3 g6 31. Kf1 Kf6 32. Rfe2 Rc8 33. Ke1 h6
34. c4 bxc4 35. dxc4 g5 36. g3 Rc6 37. c5 Re7 38. Kd2 Rd7+ 39. Kc3 gxf4 40.
gxf4 Rd1 41. b4 Rf1 42. a4 Rxf4 43. b5 Rf3+ 44. Kb4 Rf4+ 45. Ka5 axb5 46. axb5
Rc8 47. Rxe6+ Kg5 48. Rc6 Ra8+ 49. Ra6 Rc8 50. c6 Rc4 51. Ra7 f4 52. Kb6 Rc3
53. Kb7 Re3 54. Rxe3 Rc7+ 55. Kxc7 fxe3 56. Kd6 Kf6 57. c7 1-0

[Event "CAN-op"]
[Site "London CAN"]
[Date "1993.??.??"]
[Round "2"]
[White "Heringer, Chris"]
[Black "Brodie, Hugh"]
[Result "1/2-1/2"]
[WhiteElo "1880"]
[BlackElo "2075"]
[PlyCount "94"]
[EventDate "1993.??.??"]
[EventType "swiss"]
[EventRounds "10"]
[EventCountry "CAN"]

1. e4 c5 2. Nf3 Nc6 3. d4 cxd4 4. Nxd4 g6 5. Nc3 Bg7 6. Be3 Nf6 7. Qd2 O-O 8.
f3 d5 9. O-O-O dxe4 10. Nxc6 Qxd2+ 11. Rxd2 bxc6 12. fxe4 Ng4 13. Nd1 Nxe3 14.
Nxe3 Rb8 15. c3 Bh6 16. Re2 Rd8 17. Kc2 Be6 18. b3 a5 19. Nc4 a4 20. Rf2 axb3+
21. axb3 Ra8 22. Kb2 Rd1 23. Kc2 Bg4 24. h3 Ra2+ 25. Nb2 Rc1+ 26. Kd3 Be6 27.
g4 Bxb3 28. Bg2 Rxh1 29. Bxh1 Bc1 30. Nd1 Rxf2 31. Nxf2 e5 32. c4 Bb2 33. g5 f6
34. gxf6 Kf7 35. h4 Bd4 36. Nh3 h6 37. Bf3 Kxf6 38. Bg4 Ke7 39. Nf4 Kf6 40. Bd7
c5 41. Nd5+ Kf7 42. Bg4 Ba4 43. h5 gxh5 44. Bxh5+ Kg7 45. Nb6 Bc6 46. Nd5 Bd7
47. Ke2 Ba4 1/2-1/2

[Event "CAN-op"]
[Site "London CAN"]
[Date "1993.??.??"]
[Round "3"]
[White "Hord, Paul"]
[Black "Brodie, Hugh"]
[Result "1/2-1/2"]
[WhiteElo "1675"]
[BlackElo "2075"]
[PlyCount "29"]
[EventDate "1993.??.??"]
[EventType "swiss"]
[EventRounds "10"]
[EventCountry "CAN"]

1. e4 c5 2. Nf3 Nc6 3. d4 cxd4 4. Nxd4 g6 5. c4 Bg7 6. Be3 Nf6 7. Nc3 Ng4 8.
Nxc6 Nxe3 9. Nxd8 Nxd1 10. Nxd1 Kxd8 11. Rc1 d6 12. Be2 Be6 13. b3 Rc8 14. O-O
b5 15. Ne3 1/2-1/2

[Event "CAN-op"]
[Site "London CAN"]
[Date "1993.??.??"]
[Round "4"]
[White "Brodie, Hugh"]
[Black "Kaczmarek, Boleslav"]
[Result "1-0"]
[WhiteElo "2075"]
[BlackElo "1850"]
[PlyCount "83"]
[EventDate "1993.??.??"]
[EventType "swiss"]
[EventRounds "10"]
[EventCountry "CAN"]

1. f4 e5 2. fxe5 d6 3. exd6 Bxd6 4. Nf3 g5 5. g3 Bg4 6. d4 Bxf3 7. exf3 h5 8.
Bg2 Qe7+ 9. Kf2 Kf8 10. Nc3 c6 11. Ne4 f6 12. Re1 Qd8 13. Nxd6 Qxd6 14. c3 h4
15. f4 hxg3+ 16. hxg3 Rh2 17. Kg1 Rh7 18. Bd2 Nd7 19. Qg4 Nh6 20. Qe6 Qxe6 21.
Rxe6 g4 22. Rae1 Rf7 23. Be4 Kg7 24. Bc2 Nf8 25. Re8 Rxe8 26. Rxe8 f5 27. Kf2
Ng8 28. c4 Re7 29. Rxf8 Kxf8 30. Bb4 Kf7 31. Bxe7 Nxe7 32. d5 cxd5 33. cxd5 Kf6
34. d6 Nc6 35. Bb3 b6 36. Ke3 a5 37. a3 Nb8 38. Kd4 Nd7 39. Kd5 Kf7 40. Kc6+
Ke8 41. Kc7 b5 42. Bf7+ 1-0

[Event "CAN-op"]
[Site "London CAN"]
[Date "1993.??.??"]
[Round "5"]
[White "Lou Meng"]
[Black "Brodie, Hugh"]
[Result "1/2-1/2"]
[WhiteElo "1885"]
[BlackElo "2075"]
[PlyCount "49"]
[EventDate "1993.??.??"]
[EventType "swiss"]
[EventRounds "10"]
[EventCountry "CAN"]

1. d4 e6 2. c4 f5 3. Nc3 Nf6 4. Nf3 Bb4 5. Bd2 b6 6. a3 Bxc3 7. Bxc3 Bb7 8. b4
O-O 9. g3 Ne4 10. Bb2 d6 11. Bg2 Nd7 12. O-O Qe8 13. Nd2 Ndf6 14. e3 Nxd2 15.
Qxd2 Bxg2 16. Kxg2 Ne4 17. Qe2 Qg6 18. c5 h5 19. cxd6 cxd6 20. Kh1 Qh6 21. f3
Ng5 22. f4 Ne4 23. d5 exd5 24. Rad1 Rac8 25. Rfe1 1/2-1/2

[Event "CAN-op"]
[Site "London CAN"]
[Date "1993.??.??"]
[Round "6"]
[White "Redhead, Glenn"]
[Black "Brodie, Hugh"]
[Result "1/2-1/2"]
[WhiteElo "1800"]
[BlackElo "2075"]
[PlyCount "37"]
[EventDate "1993.??.??"]
[EventType "swiss"]
[EventRounds "10"]
[EventCountry "CAN"]

1. e4 c5 2. Nf3 Nc6 3. Bb5 g6 4. c3 Bg7 5. O-O Qb6 6. Ba4 d6 7. Re1 Bd7 8. d3
Nf6 9. Nbd2 O-O 10. Nc4 Qc7 11. Bf4 Nh5 12. Qd2 Nxf4 13. Qxf4 Rac8 14. Bb3 Be6
15. Ng5 Bxc4 16. Bxc4 Ne5 17. Re3 Nxc4 18. dxc4 h6 19. Nf3 1/2-1/2

[Event "CAN-op"]
[Site "London CAN"]
[Date "1993.??.??"]
[Round "8"]
[White "Brodie, Hugh"]
[Black "Efthimakis, Dimitros"]
[Result "1-0"]
[WhiteElo "2075"]
[BlackElo "2105"]
[PlyCount "83"]
[EventDate "1993.??.??"]
[EventType "swiss"]
[EventRounds "10"]
[EventCountry "CAN"]

1. e4 e5 2. Nc3 Nf6 3. f4 d5 4. fxe5 Nxe4 5. Nf3 Bb4 6. Qe2 Bxc3 7. dxc3 c6 8.
Qe3 O-O 9. Bd3 f5 10. exf6 Nxf6 11. O-O Ng4 12. Qg5 Qd6 13. Qh4 h6 14. Bd2 Na6
15. Nd4 Rf6 16. Rxf6 Qxf6 17. Qg3 c5 18. Rf1 Qe5 19. Bf4 Qh5 20. Nf3 g5 21. Bc1
c4 22. Be2 Qe8 23. Nd4 Qe5 24. Qh3 Nc5 25. Bxg4 Bxg4 26. Qxg4 Re8 27. h4 Ne4
28. hxg5 hxg5 29. Rf5 Qg7 30. Bxg5 Nd6 31. Rf4 Re1+ 32. Kf2 Re4 33. Kf3 Nf7 34.
Qc8+ Kh7 35. Qf5+ Kg8 36. Bf6 Ne5+ 37. Bxe5 Rxe5 38. Qc8+ Kh7 39. Rh4+ Kg6 40.
Rg4+ Rg5 41. Rxg5+ Kxg5 42. Ne6+ 1-0

[Event "CAN-op"]
[Site "London CAN"]
[Date "1993.??.??"]
[Round "9"]
[White "Jackson, David"]
[Black "Brodie, Hugh"]
[Result "1/2-1/2"]
[WhiteElo "2180"]
[BlackElo "2075"]
[PlyCount "100"]
[EventDate "1993.??.??"]
[EventType "swiss"]
[EventRounds "10"]
[EventCountry "CAN"]

1. e4 c5 2. Nf3 Nc6 3. c3 d5 4. exd5 Qxd5 5. d4 cxd4 6. cxd4 e6 7. Nc3 Bb4 8.
Bd3 Nf6 9. O-O Bxc3 10. bxc3 O-O 11. Qe2 h6 12. Rb1 a6 13. a4 Qa5 14. Qc2 e5
15. Ba3 Re8 16. Bb4 Qc7 17. dxe5 Nxe5 18. Nxe5 Qxe5 19. f4 Qc7 20. c4 Bd7 21.
h3 Rac8 22. Rf2 Bc6 23. Re1 Rxe1+ 24. Bxe1 Re8 25. Bc3 Ne4 26. Bxe4 Bxe4 27.
Qe2 f5 28. Be5 Qd7 29. Qb2 Re7 30. Rd2 Qxa4 31. Qb6 Qc6 32. Qd8+ Re8 33. Qh4
Qg6 34. c5 Bc6 35. Qf2 a5 36. Rd6 Qf7 37. Qg3 Kh7 38. h4 Re7 39. Qc3 a4 40. Kh2
Qb3 41. Qd2 Qc4 42. Rd4 Qf1 43. Qc2 Be4 44. Rxe4 fxe4 45. Qxe4+ Kg8 46. Qxa4
Qf2 47. Qb3+ Kh8 48. Qd5 Qxh4+ 49. Kg1 Qe1+ 50. Kh2 Qh4+ 1/2-1/2

[Event "CAN-op"]
[Site "London CAN"]
[Date "1993.??.??"]
[Round "10"]
[White "Brodie, Hugh"]
[Black "Coppin, Wayne"]
[Result "1/2-1/2"]
[WhiteElo "2075"]
[BlackElo "1980"]
[PlyCount "69"]
[EventDate "1993.??.??"]
[EventType "swiss"]
[EventRounds "10"]
[EventCountry "CAN"]

1. e4 e5 2. Nc3 Nf6 3. f4 d5 4. fxe5 Nxe4 5. Nf3 Nc6 6. Bb5 a6 7. Bxc6+ bxc6 8.
d3 Nxc3 9. bxc3 Be7 10. O-O O-O 11. Qe1 f6 12. exf6 Bxf6 13. Bd2 Rb8 14. Rb1
Bd7 15. Qg3 c5 16. Bf4 Rxb1 17. Rxb1 Bxc3 18. Bxc7 Qe7 19. Bd6 Qe3+ 20. Qf2
Qxf2+ 21. Kxf2 Rc8 22. Ke2 Re8+ 23. Kd1 Bg4 24. Rb8 Rxb8 25. Bxb8 Bxf3+ 26.
gxf3 Kf7 27. Bd6 c4 28. Ke2 Ke6 29. Bg3 Kf5 30. Ke3 g5 31. dxc4 dxc4 32. h3 h5
33. Bc7 Be5 34. Bd8 Bc3 35. Bc7 1/2-1/2

[Event "Eastern Ontario op"]
[Site "Ottawa CAN"]
[Date "1993.??.??"]
[Round "1"]
[White "Johnstone, Glenn"]
[Black "Brodie, Hugh"]
[Result "1-0"]
[WhiteElo "2365"]
[BlackElo "2060"]
[PlyCount "107"]
[EventDate "1993.??.??"]
[EventType "swiss"]
[EventRounds "5"]
[EventCountry "CAN"]

1. e4 c5 2. c3 d5 3. exd5 Qxd5 4. d4 Nf6 5. Nf3 Bg4 6. Be2 cxd4 7. cxd4 e6 8.
Nc3 Bb4 9. O-O Bxc3 10. bxc3 O-O 11. c4 Qd8 12. Rb1 Qc7 13. h3 Bf5 14. Rb5 Nbd7
15. Qb3 b6 16. Bg5 Ne4 17. Be3 Rab8 18. Rd1 Rfd8 19. Nh4 Bg6 20. Nxg6 hxg6 21.
Qd3 Ndf6 22. Bf3 Nd6 23. Bf4 Qd7 24. Rb2 Rbc8 25. c5 Nf5 26. cxb6 Nxd4 27. Rbd2
Nxf3+ 28. Qxf3 Nd5 29. Bc7 Re8 30. Rb2 axb6 31. Bxb6 Qa4 32. Bd4 Re7 33. Rdd2
Rec7 34. Qe2 Rc1+ 35. Kh2 Qc6 36. Qf3 Qd6+ 37. g3 Qc6 38. Re2 Qa6 39. Qb3 Qc6
40. Qb7 Qc4 41. Rbd2 Qa4 42. Rxe6 R8c7 43. Qb8+ Rc8 44. Qe5 Nf6 45. Rxf6 Qa8
46. Rf3 f6 47. Qe2 Re8 48. Be3 Rec8 49. Kg2 g5 50. Rd7 g4 51. hxg4 Qe4 52. Qd3
Rg1+ 53. Kxg1 Qxf3 54. Qg6 1-0

[Event "Eastern Ontario op"]
[Site "Ottawa CAN"]
[Date "1993.??.??"]
[Round "2"]
[White "Brodie, Hugh"]
[Black "Tomalty, Alan"]
[Result "1-0"]
[WhiteElo "2060"]
[BlackElo "1900"]
[PlyCount "47"]
[EventDate "1993.??.??"]
[EventType "swiss"]
[EventRounds "5"]
[EventCountry "CAN"]

1. e4 e5 2. Nc3 Nf6 3. f4 d5 4. fxe5 Nxe4 5. Nf3 Be7 6. d4 Nxc3 7. bxc3 Bg4 8.
Bd3 Nd7 9. O-O c5 10. Qe1 c4 11. Be2 b5 12. Qg3 h5 13. h3 Be6 14. Qxg7 Rf8 15.
Bg5 Bxg5 16. Nxg5 Ke7 17. Nxe6 Kxe6 18. Bxh5 Qe8 19. Qg5 f6 20. Qg4+ f5 21.
Rxf5 Rxf5 22. Bxe8 Rxe8 23. Qg6+ Nf6 24. exf6 1-0

[Event "Eastern Ontario op"]
[Site "Ottawa CAN"]
[Date "1993.??.??"]
[Round "3"]
[White "Bucher, Goetz"]
[Black "Brodie, Hugh"]
[Result "1/2-1/2"]
[WhiteElo "2180"]
[BlackElo "2060"]
[PlyCount "61"]
[EventDate "1993.??.??"]
[EventType "swiss"]
[EventRounds "5"]
[EventCountry "CAN"]

1. e4 c5 2. Nf3 Nc6 3. d4 cxd4 4. Nxd4 g6 5. c4 Bg7 6. Be3 Nf6 7. Nc3 Ng4 8.
Nxc6 Nxe3 9. Nxd8 Nxd1 10. Rxd1 Bxc3+ 11. bxc3 Kxd8 12. c5 Kc7 13. Bc4 Rf8 14.
O-O b6 15. cxb6+ Kxb6 16. Rb1+ Kc7 17. Rfd1 d6 18. Bd5 Rb8 19. Rxb8 Kxb8 20.
Rb1+ Kc7 21. f3 Ba6 22. Kf2 e6 23. Bb3 Kc6 24. Rd1 Kc5 25. Rd4 Bb5 26. Ke3 Rc8
27. f4 a5 28. a4 Ba6 29. Rd2 Rb8 30. Bd1 Rb6 31. Rd4 1/2-1/2

[Event "Eastern Ontario op"]
[Site "Ottawa CAN"]
[Date "1993.??.??"]
[Round "5"]
[White "Watson, Mark"]
[Black "Brodie, Hugh"]
[Result "0-1"]
[WhiteElo "2745"]
[BlackElo "2060"]
[PlyCount "80"]
[EventDate "1993.??.??"]
[EventType "swiss"]
[EventRounds "5"]
[EventCountry "CAN"]

1. d4 e6 2. e4 d5 3. e5 c5 4. Nf3 Qb6 5. Nc3 cxd4 6. Na4 Qa5+ 7. c3 b5 8. Nxd4
bxa4 9. a3 Bd7 10. Bd2 Qb6 11. Be2 Bc5 12. O-O Bxd4 13. cxd4 Qxd4 14. Qc2 Nc6
15. Bc3 Qb6 16. Rfd1 Nge7 17. Qxa4 Ng6 18. Rac1 Ncxe5 19. Qd4 O-O 20. Qxb6 axb6
21. Bd4 Nc6 22. Be3 Rfc8 23. Bb5 Nce5 24. Be2 b5 25. Rd4 Rxc1+ 26. Bxc1 Nc4 27.
Rd3 Rc8 28. Rc3 Nd6 29. Rxc8+ Nxc8 30. Kf1 Kf8 31. Ke1 Ke7 32. Bd2 e5 33. Bb4+
Nd6 34. Kd2 Ke6 35. g3 Ne7 36. g4 d4 37. g5 Ne4+ 38. Ke1 Nxg5 39. Bd1 Nd5 40.
b3 Nxb4 0-1

[Event "Lakeshore CC ch"]
[Site "Montreal CAN"]
[Date "1993.??.??"]
[Round "1"]
[White "Caplan, Adam"]
[Black "Brodie, Hugh"]
[Result "0-1"]
[WhiteElo "2780"]
[BlackElo "2085"]
[PlyCount "80"]
[EventDate "1993.??.??"]
[EventRounds "6"]
[EventCountry "CAN"]

1. e4 c5 2. Nf3 Nc6 3. c3 d5 4. exd5 Qxd5 5. d4 cxd4 6. Be3 Bg4 7. Be2 Nf6 8.
Bxd4 Nxd4 9. Qxd4 Bxf3 10. Bxf3 Qxd4 11. cxd4 O-O-O 12. Nc3 Rxd4 13. Rc1 Kb8
14. O-O e6 15. Nb5 Rb4 16. a4 a6 17. Na3 Be7 18. Nc4 Nd7 19. Rfd1 Rd8 20. Nd6
Ne5 21. Ne4 Nxf3+ 22. gxf3 Rxd1+ 23. Rxd1 Kc7 24. Rc1+ Kd7 25. Nc5+ Bxc5 26.
Rxc5 Rxa4 27. Rc3 e5 28. Kg2 b5 29. b3 Rd4 30. Kg3 f5 31. h4 Rd5 32. f4 e4 33.
f3 Rd3 34. Rxd3+ exd3 35. Kf2 d2 36. Ke2 d1=Q+ 37. Kxd1 a5 38. Kd2 Kd6 39. h5
Kd5 40. Kd3 a4 0-1

[Event "Lakeshore CC ch"]
[Site "Montreal CAN"]
[Date "1993.??.??"]
[Round "2"]
[White "Brodie, Hugh"]
[Black "McKnight, Kieran"]
[Result "1/2-1/2"]
[WhiteElo "2085"]
[BlackElo "2845"]
[PlyCount "51"]
[EventDate "1993.??.??"]
[EventRounds "6"]
[EventCountry "CAN"]

1. e4 c5 2. Nf3 Nc6 3. Bb5 e6 4. O-O Nge7 5. c3 a6 6. Bxc6 Nxc6 7. d4 cxd4 8.
cxd4 d6 9. Nc3 Be7 10. Bf4 O-O 11. Qe2 b6 12. Rac1 Bb7 13. Rfd1 Rc8 14. Bg3 Re8
15. Qd2 Bf8 16. Bh4 Ne7 17. d5 e5 18. Ne2 Qd7 19. Bxe7 Bxe7 20. Ng3 g6 21. Qh6
Rxc1 22. Rxc1 Rc8 23. Rxc8+ Qxc8 24. Qd2 Bd8 25. h3 Qc5 26. b4 1/2-1/2

[Event "Lakeshore CC ch"]
[Site "Montreal CAN"]
[Date "1993.??.??"]
[Round "3"]
[White "Ross, Dave"]
[Black "Brodie, Hugh"]
[Result "1-0"]
[WhiteElo "2345"]
[BlackElo "2085"]
[PlyCount "76"]
[EventDate "1993.??.??"]
[EventRounds "6"]
[EventCountry "CAN"]

1. d4 e6 2. g3 d5 3. c4 c6 4. Qc2 Nf6 5. Nf3 Bd6 6. Bg2 O-O 7. Nbd2 Nbd7 8. O-O
Re8 9. b3 Nf8 10. Bb2 Ng6 11. Rfd1 Qc7 12. Rac1 Bd7 13. e4 dxe4 14. Nxe4 Nxe4
15. Qxe4 Rad8 16. Rd2 Bb4 17. Re2 Qa5 18. a3 Be7 19. b4 Qc7 20. h4 f5 21. Qc2
Bf6 22. h5 Nf8 23. Rce1 b6 24. Ne5 c5 25. dxc5 bxc5 26. b5 Re7 27. Bc3 a6 28.
a4 axb5 29. axb5 Be8 30. Bf3 Qb6 31. Ra1 Ra7 32. Ree1 Bxe5 33. Bxe5 Rdd7 34.
Bb2 Rxa1 35. Rxa1 Ra7 36. h6 gxh6 37. Qc3 Ng6 38. Rxa7 Qxa7 1-0

[Event "Lakeshore CC ch"]
[Site "Montreal CAN"]
[Date "1993.??.??"]
[Round "4"]
[White "Brodie, Hugh"]
[Black "Leimanis, Eriks"]
[Result "1/2-1/2"]
[WhiteElo "2085"]
[BlackElo "2005"]
[PlyCount "104"]
[EventDate "1993.??.??"]
[EventRounds "6"]
[EventCountry "CAN"]

1. f4 d5 2. e3 c5 3. b3 Nf6 4. Bb2 Nc6 5. Bb5 Bd7 6. Nf3 a6 7. Bxc6 Bxc6 8. O-O
e6 9. Ne5 Qc7 10. d3 Bd6 11. Nd2 O-O-O 12. Ndf3 Be8 13. c4 Nd7 14. Rc1 f6 15.
Nxd7 Kxd7 16. cxd5 exd5 17. Nd4 h5 18. Qf3 Bf7 19. Qh3+ Ke8 20. Ne6 Bxe6 21.
Qxe6+ Qe7 22. Qxe7+ Kxe7 23. Kf2 Rhe8 24. Kf3 b6 25. e4 dxe4+ 26. dxe4 Bb8 27.
Rcd1 Ke6 28. h3 Bc7 29. g4 hxg4+ 30. hxg4 Rh8 31. Rxd8 Rxd8 32. f5+ Ke7 33. g5
Rd2 34. gxf6+ gxf6 35. Rf2 Rd3+ 36. Ke2 Rh3 37. Rg2 Kf7 38. Rf2 Bg3 39. Rg2 Bf4
40. Kf2 b5 41. Rg4 Bd6 42. Bxf6 Kxf6 43. Rg6+ Ke7 44. Re6+ Kd7 45. e5 Bc7 46.
Rxa6 Bxe5 47. f6 c4 48. f7 Bd4+ 49. Kg2 Rh8 50. bxc4 bxc4 51. Ra4 Rf8 52. Rxc4
Be5 1/2-1/2

[Event "Lakeshore CC ch"]
[Site "Montreal CAN"]
[Date "1993.??.??"]
[Round "5"]
[White "Leimanis, Andris"]
[Black "Brodie, Hugh"]
[Result "0-1"]
[WhiteElo "1890"]
[BlackElo "2085"]
[PlyCount "87"]
[EventDate "1993.??.??"]
[EventRounds "6"]
[EventCountry "CAN"]

1. e4 c5 2. Nc3 Nc6 3. f4 e6 4. Nf3 d5 5. Bb5 Nf6 6. d3 Bd7 7. O-O Nd4 8. Bxd7+
Qxd7 9. Re1 Be7 10. e5 Nxf3+ 11. Qxf3 Ng8 12. Qg4 g6 13. Qh3 h5 14. Ne2 Nh6 15.
Qf3 Bh4 16. g3 Be7 17. a4 c4 18. Be3 Qc7 19. Rec1 Bc5 20. Bxc5 Qxc5+ 21. d4 Qa5
22. Nc3 a6 23. Rd1 Rc8 24. Kg2 Nf5 25. h3 Kd7 26. Rab1 Rc6 27. b4 cxb3 28. Rxb3
Rb6 29. Rxb6 Qxb6 30. Nxd5 exd5 31. Qxd5+ Ke7 32. a5 Ne3+ 33. Kf3 Nxd5 34. axb6
Rc8 35. Rd2 Rc3+ 36. Ke2 Ke6 37. Ke1 Nxb6 38. g4 hxg4 39. hxg4 Nd5 40. Rf2 Ne3
41. Rd2 Nxc2+ 42. Kf2 Kd5 43. f5 gxf5 44. gxf5 0-1

[Event "Lakeshore CC ch"]
[Site "Montreal CAN"]
[Date "1993.??.??"]
[Round "6"]
[White "Brodie, Hugh"]
[Black "Moshopoulos, Angelos"]
[Result "1-0"]
[WhiteElo "2085"]
[BlackElo "2000"]
[PlyCount "95"]
[EventDate "1993.??.??"]
[EventRounds "6"]
[EventCountry "CAN"]

1. e4 c5 2. Nf3 d6 3. c3 Nf6 4. Bd3 Nc6 5. Bc2 Bg4 6. h3 Bh5 7. d4 cxd4 8. cxd4
a6 9. Nc3 e6 10. Be3 Be7 11. Rc1 O-O 12. O-O b5 13. Bb1 Rc8 14. Qe2 e5 15. dxe5
Nxe5 16. g4 Nexg4 17. hxg4 Nxg4 18. Nd4 g6 19. f3 Ne5 20. Nd5 Re8 21. Nf4 Kh8
22. Nxh5 gxh5 23. Nf5 Rxc1 24. Bxc1 Nc4 25. Kh1 Rg8 26. Qh2 Bf6 27. Qxh5 Rg6
28. Rg1 Qa5 29. Qh2 b4 30. Rxg6 fxg6 31. Qh6 Kg8 32. b3 Ne5 33. Nxd6 Qc5 34.
Qd2 Nxf3 35. Qd5+ Qxd5 36. exd5 Be5 37. Ne4 Kf7 38. Bd3 Bc3 39. Bxa6 Ne5 40.
Kg2 h5 41. Bg5 Ng4 42. Bc8 Nf6 43. Be6+ Kg7 44. Nxc3 bxc3 45. d6 Ne4 46. d7
Nxg5 47. d8=Q Nxe6 48. Qe7+ 1-0

[Event "National op"]
[Site "Las Vegas USA"]
[Date "1993.??.??"]
[Round "1"]
[White "Brodie, Hugh"]
[Black "Diamond, John"]
[Result "1/2-1/2"]
[WhiteElo "1975"]
[BlackElo "2205"]
[PlyCount "84"]
[EventDate "1993.??.??"]
[EventType "swiss"]
[EventRounds "6"]
[EventCountry "USA"]

1. e4 e5 2. Nc3 Nf6 3. f4 d5 4. fxe5 Nxe4 5. Nf3 Bc5 6. d4 Bb4 7. Bd2 Nxd2 8.
Qxd2 Bf5 9. Bd3 Bxd3 10. Qxd3 c6 11. O-O O-O 12. Ne2 Na6 13. Ng3 g6 14. Qe3 Be7
15. c3 Nc7 16. b4 Ne6 17. a4 Qd7 18. a5 Rae8 19. Rae1 Qd8 20. Qd2 Ng5 21. Qd3
f5 22. exf6 Bxf6 23. Nxg5 Bxg5 24. Rxf8+ Rxf8 25. Qe2 Qf6 26. Nf1 Rf7 27. Nd2
Re7 28. Qxe7 Qxe7 29. Rxe7 Bxe7 30. Kf2 Kf7 31. Nf3 Ke6 32. g4 Bd6 33. Ke3 h6
34. h3 g5 35. Ne1 b6 36. axb6 axb6 37. Nd3 Bc7 38. Kf3 Bd6 39. Ke3 Bb8 40. Ne1
Bg3 41. Nd3 Kd6 42. Kf3 Bh2 1/2-1/2

[Event "National op"]
[Site "Las Vegas USA"]
[Date "1993.??.??"]
[Round "2"]
[White "Walsh, Peter"]
[Black "Brodie, Hugh"]
[Result "1-0"]
[WhiteElo "2200"]
[BlackElo "1975"]
[PlyCount "119"]
[EventDate "1993.??.??"]
[EventType "swiss"]
[EventRounds "6"]
[EventCountry "USA"]

1. c4 f5 2. Nc3 Nf6 3. g3 e6 4. Bg2 d5 5. cxd5 exd5 6. d4 c6 7. Nh3 Bd6 8. Bg5
O-O 9. O-O Qe8 10. Rc1 Ne4 11. Bf4 Bxf4 12. Nxf4 Nd7 13. b4 Ndf6 14. b5 Bd7 15.
bxc6 Bxc6 16. e3 Nxc3 17. Rxc3 Ne4 18. Rc1 Bb5 19. Re1 Bc4 20. Qc2 Qd7 21. Nd3
Bxd3 22. Qxd3 Rac8 23. Qb3 Kh8 24. Qb2 Rfd8 25. h4 Qf7 26. Re2 h5 27. Rec2 Qd7
28. Bf1 a6 29. Be2 Nf6 30. Bf3 b5 31. Qb3 Rc4 32. Be2 Rcc8 33. Bf3 Rc4 34. Be2
Rcc8 35. Kg2 Rxc2 36. Qxc2 a5 37. Qc7 Qxc7 38. Rxc7 Rb8 39. Rc5 b4 40. Rxa5 b3
41. axb3 Rxb3 42. Bf3 Rb2 43. Bxd5 Ng4 44. Ra8+ Kh7 45. Bg8+ Kh6 46. Ra2 Nxe3+
47. Kf3 Rxa2 48. Bxa2 Nc2 49. d5 g5 50. d6 Nd4+ 51. Ke3 Nc6 52. Bd5 Nd8 53.
hxg5+ Kxg5 54. Kd4 f4 55. Ke5 fxg3 56. fxg3 Kg6 57. d7 Kg7 58. Kd6 Kf8 59. Kc7
Ke7 60. Kc8 1-0